000 00744nam a2200229Ia 4500
003 OSt
005 20220918214150.0
006 a|||||r|||| 00| 0
007 ta
008 220917b |||||||| |||| 00| 0 eng d
024 _a136,077
037 _cTextual
040 _aARTS
_cARTS
_beng
041 _2eng
_aeng
082 _aX9:275.1(Y:4), K3
245 0 _aIndustrial development
_b United States papers prepared for the United Nations conference on the applications of science and techonology for the benefit of the less developed areas
260 _aNA
_bNA
_c1963
490 _aScience technology and development; 4
650 _aECONOMICS
942 _hX9:275.1(Y:4), K3
_cTEXL
_2CC
999 _c259167
_d259167